| 000 | 00699nam a22002177a 4500 | ||
|---|---|---|---|
| 005 | 20170124110004.0 | ||
| 010 | _aA-684759 | ||
| 020 | _c00.00 | ||
| 035 | _aA-684759 | ||
| 037 | _bCen Lib/Ret | ||
| 040 |
_aDPL _bEN |
||
| 082 |
_a230.1 _bNAR |
||
| 100 |
_aNarayan, R. K. _913634 |
||
| 245 |
_aThe Ramayana : _cby R. K. Narayan _ba shortened modern prose version of the Indian epic / |
||
| 260 |
_aNew Delhi _bPenguin Books _c1972 |
||
| 270 |
_bNew Delhi _a210 Chiranjiv Towers, 43 Nehru Place |
||
| 300 |
_axvi171p. _c20cm(Hb) |
||
| 650 |
_aRāma (Hindu deity) -- Fiction _916559 |
||
| 650 |
_aEpic literature, Tamil -- Adaptations _916560 |
||
| 942 |
_2ddc _cEN _h230.1 _mNAR |
||
| 999 |
_c126097 _d126097 |
||